000 00925cam a2200313 a 4500
001 22445
003 SK-KTurca
005 20260328121432.0
008 240318s1993 xo 0000f slo
015 _aSNBA1993/10
020 _a8090047483
035 _aSNK000015682
040 _aSNK
_bslo
_cSNK
_eAACR2
041 1 _aslo
_heng
044 _axo
_cSK
080 _a820 (73)-3
_21981
100 1 _aPalmer, Michael,
_d1942-2013
_4aut
240 1 4 _aThe Flashback
_lSlovensky
245 1 0 _aPeklo návratov
_cMichael Palmer ; preložila Hana Polievková
250 _a[1. vyd.]
260 _aBratislava
_bAktuell
_c1993
_eTrnava
_fPolygrafické závody
300 _a368 s.
_c20 cm
500 _aPreložené z angličtiny
655 7 _aamerické romány
_2SNKPH
655 7 _atrilery (romány)
_2SNKPH
700 1 _aPolievková, Hana
_4trl
942 _2ddc
_cKLDO
_n0
999 _c22445
_d22445